000 00701nam a2200289Ia 4500
005 20260324130807.0
008 008 260324s9999 xx 000 0 eng d
020 _a9781315244990
037 _aEBOOK
040 _aCRL
040 _beng
040 _cCRL
041 _2eng
041 _aeng
084 _qCRL
100 _aAustra Reinis
_91183108
245 0 _aReforming the Art of Dying
245 4 _bThe ars moriendi in the German Reformation (1519–1528)
260 _bTaylor and Francis
260 _c2007
365 _a
365 _b255
856 _uhttp://www.taylorfrancis.com/books/9781315244990
942 _cEBOOK
999 _c1779617
_d1779617